000 00948nac a22002891i 4500
003 EG-ScBUE
005 20250422114306.0
008 250409r20052003ii ad f 001 0 eng d
020 _a8176494240
020 _a9788476494243
040 _aEG-ScBUE
_beng
_erda
_cEG-ScBUE
_dEG-ScBUE
082 0 4 _a530.132
_bMCQ
_222
100 1 _aMcQuarrie, Donald A.,
_eauthor.
245 1 0 _aStatistical mechanics /
_cDonald A. McQuarrie, University of California, Davis.
250 _aReprinted edition.
264 1 _aNew Delhi :
_bViva Books Private Limited,
_c2005.
300 _axii, 641 pages :
_bcharts, illustrations ;
_c27 cm
336 _2rdacontent
_atext
_btxt
337 _aunmediated
_2rdamedia
_bn
338 _avolume
_bnc
_2rdacarrier
500 _aIncludes Appendices.
500 _aIncludes index.
650 7 _aStatistical mechanics.
_2BUEsh
650 7 _aStatistical thermodynamics.
_2BUEsh
655 _vReading book
942 _cBB
_2ddc
999 _c1281
_d1281